Statistiques concernant Les candidats ayant obtenu plus de 5 % des suffrages au premier tour de l'élection présidentielle depuis 1965

Cliquez ici pour prendre le quiz!

Statistiques générales

  • Ce quiz a été pris 107 fois
    (50 depuis la dernière actualisation)
  • Le résultat moyen est 37 sur 47

Statistiques - réponses

AnnéeCandidat% Correct
2002 / 19,88 %Jacques Chirac
100%
1981 / 18,00 %Jacques Chirac
100%
1995 / 20,84 %Jacques Chirac
100%
1988 / 19,96 %Jacques Chirac
100%
1995 / 15,00 %Jean-Marie Le Pen
100%
2007 / 10,44 %Jean-Marie Le Pen
100%
2002 / 16,86 %Jean-Marie Le Pen
100%
1988 / 14,38 %Jean-Marie Le Pen
100%
2017 / 21,30 %Marine Le Pen
100%
2012 / 17,90 %Marine Le Pen
100%
2012 / 27,18 %Nicolas Sarkozy
100%
2007 / 31,18 %Nicolas Sarkozy
100%
1965 / 44,65 %Charles De Gaulle
98%
2017 / 24,01 %Emmanuel Macron
98%
1981 / 25,85 %François Mitterrand
98%
1988 / 34,11 %François Mitterrand
98%
1965 / 31,72 %François Mitterrand
98%
1974 / 43,25 %François Mitterrand
98%
2012 / 28,63 %François Hollande
96%
2002 / 16,18 %Lionel Jospin
96%
1995 / 23,30 %Lionel Jospin
96%
2017 / 20,01 %François Fillon
93%
2007 / 25,87 %Ségolène Royal
93%
1969 / 44,47 %Georges Pompidou
89%
2017 / 19,58 %Jean-Luc Mélenchon
87%
2012 / 11,10 %Jean-Luc Mélenchon
87%
1981 / 28,32 %Valéry Giscard-d'Estaing
85%
1974 / 32,60 %Valéry Giscard-d'Estaing
85%
1995 / 18,58 %Édouard Balladur
83%
2002 / 6,84 %François Bayrou
83%
2012 / 9,13 %François Bayrou
83%
2007 / 18,57 %François Bayrou
83%
2017 / 6,36 %Benoît Hamon
72%
1995 / 5,30 %Arlette Laguiller
65%
2002 / 5,72 %Arlette Laguiller
65%
2002 / 5,33 %Jean-Pierre Chevènement
61%
1969 / 23,31 %Alain Poher
59%
1981 / 15,35 %Georges Marchais
59%
1988 / 16,54 %Raymond Barre
59%
2002 / 5,25 %Noël Mamère
57%
1974 / 15,11 %Jacques Chaban-Delmas
54%
1995 / 8,64 %Robert Hue
52%
1965 / 15,57 %Jean Lecanuet
30%
1969 / 5,01 %Gaston Defferre
24%
1965 / 5,20 %Jean-Louis Tixier-Vignancour
22%
1988 / 6,76 %André Lajoinie
20%
1969 / 21,27 %Jacques Duclos
20%

Distribution des résultats

Percentile par nombre de réponses

% des personnes avec chaque résultat

Votre développement - résultats

Vous n’avez pas pris ce quiz depuis la dernière actualisation